000 00739nam a2200241Ia 4500
003 IN-BaIIA
008 211028s9999 xx 000 0 eng d
020 _a0-306-41097-4
040 _cIIA Library
080 _a52-47
_bBUR
100 _aBurke, P. G.
_910704
245 0 _aAtoms in astrophysics
_cP. G. Burke…[et al.]
260 _aNew York
_bAcademic Press
_c1983
300 _axvii, 356p.
490 _aPhysics of atoms and molecules
650 _aAstronomy and Astrophysics Thesaurus
650 _aAstrophysics
_9794
650 _aAtomic Physics
_91547
700 _aEissner, W. B.
_913370
700 _aHummer, D. G.
_913371
700 _aPercival, I. C.
_913372
942 _cBK
999 _c7927
_d7927